[Event "Lansing op"]
[Site "Lansing"]
[Date "2004.09.06"]
[Round "6"]
[White "Carter, Ashley"]
[Black "Pratt, Gary"]
[Result "0-1"]
[WhiteElo "1719"]
[BlackElo "1769"]
[PlyCount "60"]
[EventDate "2004.09.03"]
[EventType "swiss"]
[EventRounds "7"]
[EventCountry "USA"]
[SourceTitle "EXT 2007"]
[Source "ChessBase"]
[SourceDate "2006.11.23"]
[SourceVersion "1"]
[SourceVersionDate "2006.11.23"]
[SourceQuality "1"]

1. d4 Nf6 2. c4 c5 3. dxc5 e6 4. Nc3 Bxc5 5. e3 0-0 6. Nf3 Nc6 7. Be2 a6 8. a3 d5 9. cxd5 exd5 10. b4 Ba7 11. 0-0 Be6 12. Bb2 d4 13. exd4 Nxd4 14. Nxd4 Qxd4 15. Na4 Qxd1 16. Rfxd1 Bb3 17. Nc5 Bxd1 18. Rxd1 Bxc5 19. bxc5 Rad8 20. Rb1 Ne4 21. a4 Nxc5 22. Ba3 Rfe8 23. Bf3 Nxa4 24. h3 b5 25. Bb7 Nc3 26. Rb2 a5 27. Bc5 b4 28. Bb6 Rb8 29. Bc6 Re1+ 30. Kh2 Rxb6 0-1

[Event "Kalamazoo op"]
[Site "Kalamazoo"]
[Date "2003.10.26"]
[Round "4.8"]
[White "Jewell, Kenneth"]
[Black "Pratt, Gary"]
[Result "1-0"]
[WhiteElo "1786"]
[BlackElo "1565"]
[PlyCount "63"]
[EventDate "2003.10.25"]
[EventType "swiss"]
[EventRounds "5"]
[EventCountry "USA"]
[SourceTitle "EXT 2007"]
[Source "ChessBase"]
[SourceDate "2006.11.23"]
[SourceVersion "1"]
[SourceVersionDate "2006.11.23"]
[SourceQuality "1"]

1. e4 c5 2. c3 d5 3. exd5 Qxd5 4. d4 Nf6 5. Nf3 Bg4 6. Be2 e6 7. 0-0 Nc6 8. Be3 Rd8 9. dxc5 Qh5 10. Qa4 Nd5 11. b4 Nxe3 12. fxe3 a6 13. Rd1 Rxd1+ 14. Qxd1 Be7 15. Nbd2 Qh6 16. Nc4 0-0 17. Nd4 Bxe2 18. Qxe2 Rd8 19. Nxc6 bxc6 20. Rd1 Rxd1+ 21. Qxd1 Qh4 22. Nd6 Bf6 23. g3 Qg5 24. Qe1 Qe5 25. Nc4 Qd5 26. Qe2 Bxc3 27. a3 Qe4 28. Nd6 Qb1+ 29. Kg2 Qb3 30. Qxa6 Qd5+ 31. Kf2 Qa2+ 32. Kf3 1-0

[Event "Kalamazoo op1"]
[Site "Kalamazoo"]
[Date "2003.08.30"]
[Round "2.27"]
[White "Pratt, Gary"]
[Black "Hershberger, Kent"]
[Result "1-0"]
[WhiteElo "1565"]
[BlackElo "1491"]
[PlyCount "79"]
[EventDate "2003.08.29"]
[EventType "swiss"]
[EventRounds "7"]
[EventCountry "USA"]
[SourceTitle "EXT 2007"]
[Source "ChessBase"]
[SourceDate "2006.11.23"]
[SourceVersion "1"]
[SourceVersionDate "2006.11.23"]
[SourceQuality "1"]

1. e4 d5 2. exd5 Nf6 3. Bb5+ Bd7 4. Bc4 b5 5. Bb3 Bg4 6. f3 Bf5 7. Ne2 Nxd5 8. Nd4 Qd7 9. Nxf5 Qxf5 10. d4 e6 11. Qe2 a6 12. g4 Qf6 13. Bxd5 Qh4+ 14. Kd1 c6 15. Bxe6 fxe6 16. Qxe6+ Qe7 17. Qc8+ Kf7 18. Re1 Qf6 19. Qe8+ Kg8 20. Qe6+ Qxe6 21. Rxe6 Kf7 22. Re4 Bd6 23. Bf4 Bxf4 24. Rxf4+ Ke6 25. Nc3 Nd7 26. Kd2 Nb6 27. Re1+ Kd6 28. Ne4+ Kd5 29. Rf5+ Ke6 30. Nc5+ Kd6 31. Re6+ Kc7 32. Rf7+ Kd8 33. Nb7+ Kc8 34. Rxc6+ Kb8 35. Rxb6 Ka7 36. Rc6 Raf8 37. Rfc7 Kb8 38. Nd6 a5 39. Rb7+ Ka8 40. Ra6# 1-0

[Event "Lansing op"]
[Site "Lansing"]
[Date "2002.09.01"]
[Round "5"]
[White "Johnson, David"]
[Black "Pratt, Gary"]
[Result "0-1"]
[WhiteElo "429"]
[BlackElo "988"]
[PlyCount "74"]
[EventDate "2002.08.30"]
[EventType "swiss"]
[EventRounds "7"]
[EventCountry "USA"]
[SourceTitle "EXT 2007"]
[Source "ChessBase"]
[SourceDate "2006.11.23"]
[SourceVersion "1"]
[SourceVersionDate "2006.11.23"]
[SourceQuality "1"]

1. Nf3 c5 2. g3 d5 3. Bg2 Nc6 4. 0-0 e5 5. d3 Nf6 6. Nc3 d4 7. Na4 b5 8. Nxc5 Bxc5 9. c3 Rb8 10. cxd4 Bxd4 11. Nxd4 Nxd4 12. Be3 0-0 13. Bxd4 Qxd4 14. e3 Qxb2 15. Qb3 Qxb3 16. axb3 Be6 17. b4 Rfd8 18. Rfd1 Bd5 19. e4 Bb3 20. Rd2 Rd7 21. Rb1 Bc4 22. Rbd1 Rbd8 23. Bh3 Rxd3 24. Bc8 Rxd2 25. Rxd2 Rxd2 26. Ba6 Rb2 27. f4 exf4 28. gxf4 Nxe4 29. f5 Kf8 30. h4 Ke7 31. h5 Kf6 32. Bc8 Kg5 33. h6 gxh6 34. Bd7 Kg4 35. f6+ Kg3 36. Bh3 Rb1+ 37. Bf1 Rxf1# 0-1